Промышленно-генетические типы месторождений редких земель и металлов Средней Сибири и их возможная экономическая значимость; Редкоземельные металлы: переработка сырья, производство соединений и материалов на их основе

Bibliografiske detaljer
Parent link:Редкоземельные металлы: переработка сырья, производство соединений и материалов на их основе.— 1995.— С. 27-32
Hovedforfatter: Рихванов Л. П. Леонид Петрович
Sprog:russisk
Udgivet: 1995
Fag:
Format: MixedMaterials Book Chapter
KOHA link:https://koha.lib.tpu.ru/cgi-bin/koha/opac-detail.pl?biblionumber=203452

MARC

LEADER 00000naa2a2200000 4500
001 203452
005 20231031185630.0
035 |a (RuTPU)RU\TPU\book\221708 
035 |a RU\TPU\book\221688 
090 |a 203452 
100 |a 20111108d1995 k y0rusy50 ca 
101 0 |a rus 
102 |a RU 
200 1 |a Промышленно-генетические типы месторождений редких земель и металлов Средней Сибири и их возможная экономическая значимость   |f Л. П. Рихванов 
463 1 |0 (RuTPU)RU\TPU\book\296  |t Редкоземельные металлы: переработка сырья, производство соединений и материалов на их основе  |o тезисы докладов  |v С. 27-32  |d 1995  |p 225 с. 
610 1 |a труды учёных ТПУ 
700 1 |a Рихванов  |b Л. П.  |c российский ученый, геолог  |c профессор Томского политехнического университета, доктор геолого-минералогических наук  |c заслуженный геолог РФ  |c почетный работник высшего образования РФ  |f 1945-  |g Леонид Петрович  |2 stltpush  |3 (RuTPU)RU\TPU\pers\23187 
801 1 |a RU  |b 63413507  |c 20100313 
801 2 |a RU  |b 63413507  |c 20111108  |g RCR 
942 |c BK